La juventud ante la política en los albores del siglo XXI /
El artículo es un avance de investigación sobre la situación de la cultura política de los jóvenes que cursan la secundaria en Costa Rica. La investigación se realiza a partir de una encuesta basada en un cuestionario autoadministrado y aplicado en los meses de agosto y setiembre de 1998 a una muest...
Salvato in:
| Autore principale: | |
|---|---|
| Altri autori: | |
| Natura: | testo |
| Lingua: | Spanish |
| Pubblicazione: |
San José, Costa Rica
Editorial de la Universidad de Costa Rica
2001
|
| Edizione: | 0 |
| Soggetti: | |
| Tags: |
Aggiungi Tag
Nessun Tag, puoi essere il primo ad aggiungerne!!
|
MARC
| LEADER | 00000 a a2200000 04500 | ||
|---|---|---|---|
| 001 | 18255 | ||
| 003 | cru CIDCACS/IIS | ||
| 005 | 20190109092947.0 | ||
| 008 | 190109b2001 CT ||||| |||| 00| 0 spa d | ||
| 999 | |c 11153 |d 11153 | ||
| 020 | |a 9977676631 | ||
| 040 | |c cru CIDCACS/IIS | ||
| 090 | |a 04.04.02 R875d | ||
| 100 | |a Rodríguez, Florisabel | ||
| 245 | |a La juventud ante la política en los albores del siglo XXI / |c Florisabel Rodríguez | ||
| 250 | |a 0 | ||
| 260 | |a San José, Costa Rica |b Editorial de la Universidad de Costa Rica |c 2001 | ||
| 300 | |a páginas 155-172 | ||
| 520 | |a El artículo es un avance de investigación sobre la situación de la cultura política de los jóvenes que cursan la secundaria en Costa Rica. La investigación se realiza a partir de una encuesta basada en un cuestionario autoadministrado y aplicado en los meses de agosto y setiembre de 1998 a una muestra representativa de los niveles de décimo año; un total de 1045 jóvenes y cuyos resultados arrojan sugerencias interesantes para proponer explicaciones a hechos recientes tomando en cuenta aspectos relevantes de la cultura política de los jóvenes y sugerir una interpretación más completa del fenómeno de participación estudiantil en protestas nacionales. Inicia el análisis con un resumen contextual de la cultura política costarricense contemporánea. REV/LCL. | ||
| 650 | 0 | |9 978 |a JUVENTUD | |
| 650 | 0 | |9 982 |a ENSEÑANZA SECUNDARIA | |
| 650 | 0 | |9 3633 |a CONFLICTOS POLITICOS | |
| 650 | 0 | |9 83 |a DEMOCRACIA | |
| 650 | 0 | |9 413 |a PARTIDOS POLITICOS | |
| 650 | 0 | |9 6354 |a ENCUESTAS | |
| 700 | |a Castro Méndez, Silvia | ||
| 942 | |2 ddc |c LI | ||
| 773 | 0 | |0 14589 |9 2580 |a Rovira Mas, Jorge |d San José: Editorial de la Universidad de Costa Rica |o 12632 |t La Democracia de Costa Rica ante el siglo XXI / |w (cru CIDCACS/IIS)29836 |z 9977676631 | |



